Countries that begin with M - Statistics

General Stats
  • This quiz has been taken 59 times
    56 since last reset
  • The average score is 14 of 18
Answer Stats
Answer % Correct
Morocco
90%
Mexico
88%
Mali
85%
Myanmar
85%
Maldives
81%
Mauritania
81%
Mauritius
81%
Monaco
81%
Malaysia
79%
Mongolia
79%
Malawi
77%
Madagascar
75%
Malta
73%
Mozambique
73%
Moldova
71%
Montenegro
67%
Marshall Islands
58%
Micronesia
54%
No matching quizzes found
Score Distribution
Percent of People with Each Score
Percentile by Number Answered
Your Score History
You have not taken this quiz since the last reset